000 00309nam a2200145Ia 4500
100 _aMajumdar/ Arun K
942 _cBK
654 _aDatabase
245 _aDatabase Management Systems
260 _bTata Mc Graw hill
_c1996
082 _a5.74
_bMAJ/BHA
300 _a475
546 _aENGLISH
999 _c35197
_d35197